Elton John - Don't Shoot Me I'm Only the Piano Player (Tracks) - Statistics

General Stats
  • This quiz has been taken 10 times
  • The average score is 4 of 10
Answer Stats
Track Number Track Name % Correct
9 Crocodile Rock
100%
1 Daniel
80%
3 Elderberry Wine
40%
6 Have Mercy on the Criminal
40%
10 High Flying Bird
40%
5 Midnight Creeper
40%
2 Teacher I Need You
40%
4 Blues for Baby and Me
20%
7 I'm Going to Be a Teenage Idol
20%
8 Texan Love Song
20%
No matching quizzes found
Score Distribution
Percent of People with Each Score
Percentile by Number Answered
Your Score History
You have not taken this quiz